|
|
|
|
| LEADER |
00000naa a2200000uu 4500 |
| 001 |
vtls010936165 |
| 003 |
SK-MaSNL |
| 005 |
20260302115826.0 |
| 008 |
210902|2005 xo |||||||||||||||||eng| |
| 015 |
|
|
|a SNBRA
|
| 035 |
|
|
|a (urnnbn)urn:nbn:sk:snk:ar-a0b7wx
|
| 035 |
|
|
|a (uuid)f3f8a1e0-8cd3-48ae-8035-29aa831acd2c
|
| 035 |
|
|
|a urn:nbn:sk:snk-aau0a1
|
| 040 |
|
|
|a SNKBUCL
|b slo
|c SNKBUCL
|e AACR2
|
| 041 |
0 |
|
|a eng
|
| 044 |
|
|
|a xo
|c SK
|
| 100 |
1 |
|
|a Goleňová, Lenka
|4 aut
|9 799635
|
| 245 |
1 |
0 |
|a KAPSA project
|c Lenka Goleňová, Viera Dulinová
|
| 700 |
1 |
|
|a Dulinová, Viera
|4 aut
|9 799636
|
| 773 |
0 |
|
|t Region - Build
|d Bratislava : The Union of Towns and Cities of Slovakia, 2005
|g S. 73-75
|z 809693452X
|
| 958 |
|
|
|a OND
|
| 958 |
|
|
|a article11
|
| 958 |
|
|
|a chapter
|
| 999 |
|
|
|c 1266616
|d 1268546
|